| 000 | 00392nam a22001697a 4500 | ||
|---|---|---|---|
| 005 | 20160614093418.0 | ||
| 008 | 160614b xxu||||| |||| 00| 0 eng d | ||
| 020 | _a978-1-4053-0100-8 | ||
| 041 | _aeng | ||
| 082 | _b7308 | ||
| 100 |
_aOvery, Ronald _91827 |
||
| 245 | _aFrench in Three Months | ||
| 260 |
_bPenguin India _c2003 |
||
| 300 | _a233 | ||
| 650 |
_aManagement _9241 |
||
| 942 | _cBK | ||
| 999 |
_c2569 _d2568 |
||